| 000 | 00619nam a22001937a 4500 | ||
|---|---|---|---|
| 999 |
_c172421 _d172421 |
||
| 005 | 20200205114507.0 | ||
| 010 | _aA-519533 | ||
| 020 |
_c20.00 _a- |
||
| 035 | _aA-519533 | ||
| 037 |
_bDBAD/PUB _a- |
||
| 082 | _a847 | ||
| 100 | _aشيخ رحما ن ا کو لو ی | ||
| 245 |
_aنا ٹ آ ؤ ٹ _cشيخ رحما ن ا کو لو ی |
||
| 246 |
_bNote Out (Urdu) _aby Sheikh Rehman Akolvi |
||
| 260 |
_aN.Delhi _bSheikh Rehman Akolvi _c1989 ء |
||
| 270 |
_aMaktaba Jamia Ltd.Jamia Nagar Okhla, _bDelhi _e110025 _k- _l- |
||
| 300 |
_a100 ص _c22 Cm(Hb) |
||
| 942 |
_2ddc _cUR _h847 _mر ح م |
||